Gender unemployment rate in terms of regional disparities

Rozdiely v nezamestnanosti v regiónoch Slovenska v súvislosti s rodom populácie, použitie Okunovho zákona. Boli použité údaje z ôsmich regiónov Slovenska v rokoch 2001-2014.

Gespeichert in:
Bibliographische Detailangaben
1. Verfasser: Surmanová, Kvetoslava
Weitere Verfasser: Reiff, Marian, 1978-
Format: Buchkapitel
Sprache:Englisch
Schlagworte:
Tags: Tag hinzufügen
Keine Tags, Fügen Sie das erste Tag hinzu!

MARC

LEADER 00000nla a2200000 4500
001 0222510
005 20240502083552.2
041 0 |a eng 
044 |a EE 
245 1 0 |a Gender unemployment rate in terms of regional disparities  |c Kvetoslava Surmanová, Marian Reiff 
520 |a Rozdiely v nezamestnanosti v regiónoch Slovenska v súvislosti s rodom populácie, použitie Okunovho zákona. Boli použité údaje z ôsmich regiónov Slovenska v rokoch 2001-2014. 
610 2 0 |a nezamestnanosť 
610 2 0 |a miera nezamestnanosti 
610 2 0 |a ženy 
610 2 0 |a regióny 
610 2 0 |a diferenciácia regionálna 
610 2 0 |a Slovensko 
610 2 0 |a rast hospodársky 
100 1 |a Surmanová, Kvetoslava 
700 1 |a Reiff, Marian, 1978-